Statystyki dla Postaci z anime po urywku z cosplay'u

Kliknij tutaj aby rozwiązać quiz!

Ogólne statystyki

  • Ten quiz został rozwiązany 565 razy
  • Średni wynik to 7 z 14

Statystyki odpowiedzi

Odpowiedź% Poprawnych
Naruto Uzumaki
82%
Ash Ketchum
75%
Vegeta
74%
Mikasa Ackerman
70%
Monkey D Luffy
67%
Son Goku
60%
Kakashi Hatake
56%
Sakura Haruno
52%
Misa Amane
33%
Misty
33%
Sasuke Uchiha
30%
Roshi
17%
Miia
9%
Brock
8%

Rozkład punktacji

Percentyl według liczby udzielonych odpowiedzi

Procent ludzi z każdym wynikiem

Twoja historia wyników

Nie rozwiązałeś tego quizu